La evaluación de la acción cultural: estudio evaluativo del programa padres e hijos
Uloženo v:
| Hlavní autor: | |
|---|---|
| Médium: | Kniha |
| Jazyk: | španělština |
| Vydáno: |
Santiago, Chile
CIDE
1985
|
| Témata: | |
| Tagy: |
Přidat tag
Žádné tagy, Buďte první, kdo vytvoří štítek k tomuto záznamu!
|
MARC
| LEADER | 00000nam a2200000 a 4500 | ||
|---|---|---|---|
| 001 | UCY7997 | ||
| 003 | CL-VaPUC | ||
| 005 | 20210623153101.0 | ||
| 008 | 950623e19850000CL |||||||||||||||||spa|d | ||
| 999 | |c 235286 |d 235284 | ||
| 040 | |c Pontificia Universidad Católica de Valparaíso | ||
| 082 | 0 | 4 | |a 370.115 RIC 1985 |2 21 |
| 100 | 0 | |a Richards, Howard |e autor |9 339038 | |
| 245 | 1 | 3 | |a La evaluación de la acción cultural: estudio evaluativo del programa padres e hijos |
| 260 | 0 | 3 | |a Santiago, Chile |b CIDE |c 1985 |
| 300 | |a 246 páginas | ||
| 583 | |a last modification |c 20170920 04:31:29 |k Rodrigo Vera | ||
| 650 | 0 | |a Acción cultural |9 339039 | |
| 650 | 0 | |a Desarrollo comunitario |9 310436 |v Acción social | |
| 650 | 0 | |a Evaluación de la educación |9 237505 |x Programas de educación | |
| 650 | 0 | |a Proyectos educacionales |2 CL-VaPUC |9 335062 | |
| 942 | |c BK |2 ddc | ||
| 945 | |d 19950623 00:00:00 |a mfernand | ||
| 952 | |0 0 |1 0 |2 ddc |4 0 |6 370_115000000000000_RIC_1985 |7 0 |8 P |9 242598 |a BIBEDU |b BIBEDU |c BIBEDU_PB |d 2019-11-18 |i 1523899 |o 370.115 RIC 1985 |p 1523899 |r 2024-01-25 |t 1 |w 2019-11-18 |y BK |k EDU | ||
| 952 | |0 0 |1 0 |2 ddc |4 0 |6 370_115000000000000_RIC_1985 |7 0 |8 P |9 242599 |a BIBEDU |b BIBEDU |c BIBEDU_PB |d 2019-11-18 |i 1602314 |o 370.115 RIC 1985 |p 1602314 |r 2024-01-25 |t 2 |w 2019-11-18 |y BK |k EDU | ||